Statistics for Biggest modern day cities in the Ottoman Empire

Click here to take the quiz!

General Stats

  • This quiz has been taken 44 times
  • The average score is 8 of 10

Answer Stats

CountryPopulationCity% Correct
Turkey15.4 milIstanbul
98%
Turkey5.6 milAnkara
93%
Egypt9.5 milCairo
93%
Iraq7.2 milBaghdad
86%
Romania1.7 milBucharest
81%
Egypt5.2 milAlexandria
77%
Algeria3.9 milAlgiers
74%
Turkey4.3 milIzmir
74%
Saudi Arabia3.9 milJeddah
65%
Egypt3.4 milGiza
30%

Score Distribution

Percentile by Number Answered

Percent of People with Each Score

Your Score History

You have not taken this quiz